MARC details
| 000 -CABECERA |
| campo de control de longitud fija |
01141cam a2200289 a 4500 |
| 001 - NÚMERO DE CONTROL |
| campo de control |
000010026 |
| 003 - IDENTIFICADOR DEL NÚMERO DE CONTROL |
| campo de control |
DO-SdBNP |
| 005 - FECHA Y HORA DE LA ÚLTIMA TRANSACCIÓN |
| campo de control |
20251028135626.0 |
| 008 - DATOS DE LONGITUD FIJA--INFORMACIÓN GENERAL |
| campo de control de longitud fija |
930824s1992 ve ab b 001 0 spa |
| 020 ## - NÚMERO INTERNACIONAL ESTÁNDAR DEL LIBRO |
| Número Internacional Estándar del Libro |
9802595004 |
| 040 ## - FUENTE DE LA CATALOGACIÓN |
| Centro catalogador/agencia de origen |
DO-SdBNP |
| Centro/agencia transcriptor |
DLC |
| Centro/agencia modificador |
DLC |
| 082 ## - NÚMERO DE LA CLASIFICACIÓN DECIMAL DEWEY |
| Número de clasificación |
918.7 |
| Número de documento/Ítem |
L935f |
| 100 1# - ENTRADA PRINCIPAL--NOMBRE DE PERSONA |
| Nombre de persona |
Lucena Giraldo, Manuel. |
| 9 (RLIN) |
24974 |
| 245 13 - MENCIÓN DE TÍTULO |
| Título |
La frontera caribica : |
| Resto del título |
Expedición de Límites al Orinoco, 1754/1761 / |
| Mención de responsabilidad, etc. |
Manuel Lucena Giraldo, Antonio E. de Pedro. |
| 260 ## - PUBLICACIÓN, DISTRIBUCIÓN, ETC. |
| Lugar de publicación, distribución, etc. |
Caracas : |
| Nombre del editor, distribuidor, etc. |
Lagoven, |
| Fecha de publicación, distribución, etc. |
[1992]. |
| 300 ## - DESCRIPCIÓN FÍSICA |
| Extensión |
119 p. : |
| Otras características físicas |
ill., maps ; |
| Dimensiones |
21 cm. |
| 490 1# - MENCIÓN DE SERIE |
| Mención de serie |
Cuadernos Lagoven |
| -- |
Medio milenio |
| 504 ## - NOTA DE BIBLIOGRAFÍA, ETC. |
| Nota de bibliografía, etc. |
Incluye referencias bibliográficas e índices |
| 611 20 - PUNTO DE ACCESO ADICIONAL DE MATERIA--NOMBRE DE REUNIÓN/CONGRESO |
| Nombre de congreso/reunión o jurisdicción como elemento de entrada |
Expedición de limítes orinoco |
| Fecha del congreso/reunión |
(1754-1761) |
| 9 (RLIN) |
24977 |
| 650 #4 - PUNTO DE ACCESO ADICIONAL DE MATERIA--TÉRMINO DE MATERIA |
| Término de materia o nombre geográfico como elemento de entrada |
Descubrimientos en geografía |
| 9 (RLIN) |
24978 |
| 651 #4 - PUNTO DE ACCESO ADICIONAL DE MATERIA--NOMBRE GEOGRÁFICO |
| Nombre geográfico |
Expedición Al Orinoco (Venezuela y Colombia) |
| Subdivisión cronológica |
1754-1761 |
| Subdivisión general |
Descubrimientos y expediciones |
| 9 (RLIN) |
24975 |
| 651 #4 - PUNTO DE ACCESO ADICIONAL DE MATERIA--NOMBRE GEOGRÁFICO |
| Nombre geográfico |
América Del Sur |
| Subdivisión general |
Descripciones y viajes |
| Subdivisión cronológica |
1754-1761 |
| 9 (RLIN) |
24976 |
| 700 1# - PUNTO DE ACCESO ADICIONAL--NOMBRE DE PERSONA |
| Nombre de persona |
Pedro, Antonio E. de, |
| Fechas asociadas al nombre |
1957- |
| 9 (RLIN) |
24979 |
| 830 #0 - PUNTO DE ACCESO ADICIONAL DE SERIE-TÍTULO UNIFORME |
| Título uniforme |
Cuadernos Lagoven, |
| Nombre de parte o sección de la obra |
Medio milenio. |
| 9 (RLIN) |
6272 |
| 910 ## - DATOS DE OPCIÓN DEL USUARIO (OCLC) |
| Datos de opción del usuario |
Catalogación por copia / LC |
| 942 ## - ELEMENTOS DE PUNTO DE ACCESO ADICIONAL (KOHA) |
| Fuente del sistema de clasificación o colocación |
Dewey Decimal Classification |
| Tipo de ítem Koha |
Libro |